000 00789nam a2200205Ia 4500
005 20241216011348.0
008 190429s9999||||xx |||||||||||||| ||und||
082 _a174.2
_bB12
100 _aBACILIO LLANO, KARINA Y GAMARRA ROJAS, MERCEDES MARGOT
245 0 _aINFLUENCIA DE LA PRACTICA DE LA ETICA DE ENFERMERIA EN LA CALIDAD DE ATENCION A PACIENTES HOSPITALIZADOS EN LOS SERVICIOS DE MEDICINA Y CIRUGIA DEL HOSPITAL FELIX MAYORCA SOTO - TARMA, FEBRERO - ABRIL DEL 2008
250 _a0
260 _aCERRO DE PASCO-PERU
_bUNDAC
_c2008
300 _a53 pag.
_c30 cm.
341 _h0
490 _v0
_a0
505 _aMATERIAL/METODO/RESULTADOS/DISCUSION/CONCLUSIONES/RECOMENDACIONES
541 _aD
_bBACILIO LLANO KARINA
_d14-Jul-10
_oSoles
650 _aEnfermería
942 _cTESIS
999 _c39805
_d39805